Click the Correct John - Statistics

General Stats
  • This quiz has been taken 32,469 times
  • The average score is 14 of 20
Answer Stats
Hint Answer % Correct
Shared the Last Supper with 12 other guests The Apostle
88%
Defeated the Undertaker and the Rock Cena
85%
Often considered the wealthiest American in history D. Rockefeller
85%
Succeeded George Washington Adams
81%
Founder of company that makes tractors Deere
80%
Was the friend and assistant of a famous detective Watson
79%
Had the Saturday Night Fever and wore Grease Travolta
78%
Is unidentified Doe
77%
Was forced out of hitman retirement to avenge his dog Wick
76%
Fought in 'Nam wearing a red headband Rambo
75%
"Ich bin ein Berliner” he said F. Kennedy
69%
Was one of the Fab Four Lennon
67%
Pocahontas saved him
Smith
67%
Composed Star Wars and Indiana Jones themes Williams
67%
Played country music and flew his airplane Denver
64%
Smashed many rackets during his career McEnroe
64%
Won the 1962 Nobel Prize in Literature Steinbeck
63%
Is a bald New York cop McClane
58%
Had true grit when he wore his Stetson hat Wayne
57%
Was hunted by Terminators Connor
56%
No matching quizzes found
Score Distribution
Percent of People with Each Score
Percentile by Number Answered
Your Score History
You have not taken this quiz